000
00504nam a2200181Ia 4500
008
100917s9999 xx 000 0 und d
082
_b
38918
100
_a
बोरकर कमलाकर
245
_a
अिग्नदिव्य
260
_b
त्रदिल प्रकाशन
_c
1979
300
_a
119
365
_b
6
520
_a
नाटक
630
_a
अिग्नदिव्य
650
_a
नाटक
730
_a
अिग्नदिव्य
942
_c
BOOK
999
_c
644312
_d
644309